Euro 2020 Group F - Germany - Hungary - Statistics

General Stats
  • This quiz has been taken 61 times
  • The average score is 21 of 33
Answer Stats
Player % Correct
Manuel Neuer
96%
Joshua Kimmich
89%
Péter Gulácsi
87%
Antonio Rüdiger
85%
Leon Goretzka ¹
85%
Leroy Sané
83%
Thomas Müller
83%
Ádám Szalai ¹
81%
Attila Szalai
81%
Mats Hummels
81%
Serge Gnabry
80%
Timo Werner
80%
Kai Havertz ¹
78%
Joachim Löw
74%
Willi Orbán
72%
Toni Kroos
69%
Robin Gosens
67%
Roland Sallai
67%
Ádám Nagy
65%
İlkay Gündoğan
65%
Matthias Ginter
63%
Jamal Musiala
56%
Loïc Négo
56%
Marco Rossi
56%
András Schäfer ¹
54%
Attila Fiola
50%
László Kleinheisler
43%
Kevin Volland
33%
Endre Botka
31%
Szabolcs Schön
31%
Kevin Varga
30%
Gergő Lovrencsics
26%
Nemanja Nikolić
20%
No matching quizzes found
Score Distribution
Percent of People with Each Score
Percentile by Number Answered
Your Score History
You have not taken this quiz